Online komunikačné nástroje používané v podnikaní bakalárska práca
Gespeichert in:
| 1. Verfasser: | |
|---|---|
| Körperschaft: | |
| Weitere Verfasser: | |
| Format: | Buch |
| Sprache: | Slowakisch |
| Veröffentlicht: |
Košice
2023
|
| Tags: |
Keine Tags, Fügen Sie das erste Tag hinzu!
|
MARC
| LEADER | 00000nbm a2200000 4500 | ||
|---|---|---|---|
| 001 | 0294450 | ||
| 005 | 20240711105659.5 | ||
| 041 | 0 | |a slo | |
| 044 | |a SK | ||
| 245 | 1 | 0 | |a Online komunikačné nástroje používané v podnikaní |b bakalárska práca |c Jana Kalinová ; školiteľ: Cyril Závadský |
| 264 | 1 | |a Košice |c 2023 | |
| 300 | |a 52 s. | ||
| 100 | 1 | |a Kalinová, Jana | |
| 700 | 1 | |a Závadský, Cyril, 1971- | |
| 710 | 2 | |a Podnikovohospodárska fakulta EU so sídlom v Košiciach. Katedra kvantitatívnych metód | |